Todos los fuegos el fuego /
Guardado en:
| Autor Principal: | |
|---|---|
| Formato: | Libro |
| Publicado: |
Buenos Aires :
Alfaguara,
2014
|
| Series: | Biblioteca Cortázar
|
| Materias: | |
| Etiquetas: |
Agregar Etiqueta
Sin Etiquetas, Sea el primero en etiquetar este registro!
|
| LEADER | 01040nam a22002655a 4500 | ||
|---|---|---|---|
| 001 | CEM.cems018329 | ||
| 005 | 20140717123158.0 | ||
| 008 | 130507s2014##################000#0#####d | ||
| 003 | CEMS | ||
| 020 | |a 9789870433637 | ||
| 082 | 0 | 4 | |a A868.4 |
| 100 | 1 | |a Cortázar, Julio | |
| 245 | 1 | 0 | |a Todos los fuegos el fuego / |c Julio Cortázar |
| 260 | |a Buenos Aires : |b Alfaguara, |c 2014 | ||
| 300 | |a 192 p. | ||
| 490 | 0 | |a Biblioteca Cortázar | |
| 500 | |a Ofrece ocho muestras rotundas de la plenitud creadora que alcanzan los cuentos de Cortázar, es una fiesta de la inteligencia, de la pasión y del genio. | ||
| 505 | 0 | |a La autopista del sur -- La salud de los enfermos -- Reunión -- La señorita Cora -- La isla a mediodía -- Instrucciones para John Howell -- Todos los fuegos el fuego -- El otro cielo | |
| 653 | |a Literatura | ||
| 653 | |a Literatura argentina | ||
| 653 | |a Cuentos | ||
| 653 | |a Cuento argentino | ||
| 653 | |a Narrativa | ||
| 653 | |a Narrativa argentina | ||
| 859 | |a CEMS |b BIB. CEMS - Agricultura |h A868.4 |i C891-6 |p A2164.14 |t Ej.1 | ||
